BIBLIOTHÈQUE DE LA MAISON DU MEXIQUE

Logo 1 Logo 2

Marco Polo (notice nᵒ 12133)

détails MARC
000 -Sello discográfico
campo de control de longitud fija 00988nam a2200325 4500
005 - Identificación de versión
campo de control 20251016084714.0
035 ## - Otros números de control del sistema
Número de control del sistema 8046
099 ## - fechas locales
Tipo de ítem Koha LIBRO
100 ## - Datos de procesamiento general
Datos de procesamiento general 19930801d19661955m y1spay5003 ba
101 ## - Idioma del recurso
Idioma del texto, banda sonora, etc. Español; Castellano
Idioma de la obra original Inglés
105 ## - Campo de datos codificados: Material textual, monográfico
Datos codificados de monografía y 001zb
200 1# - Título y mención de responsabilidad
Título propio Marco Polo
Designación general del material texto impreso
Primer mención de responsabilidad Maurice Collis
Declaración de responsabilidad subsiguiente traducción Francisco González Aramburo
205 ## - Declaración de edición
Declaración de edición 2a ed
210 ## - Publicación, distribución, etc.
Lugar de publicación, distribución, etc. México
Nombre del editor, distribuidor, etc. Fondo de Cultura Económica
Fecha de publicación, distribución, etc. 1966
215 ## - Descripción física
Designación de material específico y extensión del ítem 209 p
Dimensiones 17 cm
345 ## - Nota de información de adquisición
Fuente de adquisición/dirección de la suscripción [OBSOLETO] Donación
410 #1 - Series
Título Breviarios del Fondo de Cultura Económica
Número de volumen 105
454 #1 - Traducción de
Título Marco Polo
600 ## - Nombre personal usado como materia
Elemento de entrada Polo
Parte del nombre distinta del elemento de entrada Marco
Fechas 1254-1324
Número Koha 12626
660 ## - Código de área geográfica
Código MX
700 ## - Nombre personal - Responsabilidad primaria
Elemento de entrada Collis
Parte del nombre distinta del elemento de entrada Maurice Stewart
Fechas 1889-1973
Número Koha 12627
702 ## - Nombre personal - Responsabilidad secundaria
Elemento de entrada González Aramburo
Parte del nombre distinta del elemento de entrada Francisco
Fechas 1926-2020
Número Koha 4209
801 #0 - Fuente de origen
Agencia cm
900 ## -
-- 1/8862
900 ## -
-- 710934522\\010893
942 ## - ELEMENTOS DE ENTRADA SECUNDARIOS (KOHA)
Tipo de ítem Koha Livre
996 ## -
-- MEX
-- 751145101
-- MMAG
-- 004585
-- 082.1 B846 V.105
-- 20210216LIV
Exemplaires
Estatus retirado Estado de daño Estado de pérdida Fecha de adquisición Biblioteca de origen Biblioteca actual Ubicación en estantería Código de barras Precio de reemplazo Signatura topográfica completa No para préstamo Tipo de ítem Koha Nota pública Nota no pública
      05/08/2025 Casa México Paris Casa México Paris   004585 05/08/2025 082.1 B846 V.105   Livre 20210216LIV 751145101